Money can't buy it (Record no. 77552)
[ view plain ]
| 000 -LEADER | |
|---|---|
| fixed length control field | 00920cab a2200193 4500 |
| 001 - CONTROL NUMBER | |
| control field | ##L134534 |
| 008 - FIXED-LENGTH DATA ELEMENTS--GENERAL INFORMATION | |
| fixed length control field | 060814n2006 000 0 eng u |
| 035 ## - SYSTEM CONTROL NUMBER | |
| System control number | (Sirsi) u134534 |
| 041 0# - LANGUAGE CODE | |
| Language code of text/sound track or separate title | eng |
| 100 1# - MAIN ENTRY--PERSONAL NAME | |
| Personal name | Kucharek, Jan-Carlos |
| 245 00 - TITLE STATEMENT | |
| Title | Money can't buy it |
| 260 ## - PUBLICATION, DISTRIBUTION, ETC. | |
| Date of publication, distribution, etc. | 2006 |
| 490 #0 - SERIES STATEMENT | |
| Series statement | RIBA Journal |
| Volume/sequential designation | 113(8) August 2006, 36-41(6) |
| 520 ## - SUMMARY, ETC. | |
| Summary, etc. | Reports on the findings of the 2006 "RIBA Journal"/Hays architecture earnings survey. Overall, salaries failed to keep pace with inflation, falling by 2.2% in real terms. There was a significant rise, however, in the pay of associates, reflecting their new value within the office structure. Wage differences between regions are narrowing, although London remains top with median earnings of £40 000. Tables and bar chart. |
| 590 ## - LOCAL NOTE (RLIN) | |
| Local note | IKA220806 |
| 651 #4 - SUBJECT ADDED ENTRY--GEOGRAPHIC NAME | |
| Geographic name | United Kingdom |
| Chronological subdivision | |
| 690 ## - LOCAL SUBJECT ADDED ENTRY--TOPICAL TERM (OCLC, RLIN) | |
| Topical term or geographic name as entry element | MANAGEMENT-BUSINESS MANAGEMENT-PROFESSIONAL PRACTICE |
| 942 ## - ADDED ENTRY ELEMENTS (KOHA) | |
| Suppress in OPAC | 0 |
| Withdrawn status | Lost status | Source of classification or shelving scheme | Damaged status | Not for loan | Home library | Current library | Shelving location | Date acquired | Total Checkouts | Full call number | Barcode | Date last seen | Copy number | Price effective from | Koha item type |
|---|---|---|---|---|---|---|---|---|---|---|---|---|---|---|---|
| Dewey Decimal Classification | London | London | Journal article | 14/08/2006 | L134534 | 134534-1001 | 06/08/2019 | 1 | 06/08/2019 | Journal article |